[Event "Nationale I"]
[Site "Agen"]
[Date "2012.01.14"]
[Round "6.8"]
[White "Saucey, Capucine"]
[Black "Mamah, Isabelle"]
[Result "0-1"]
[WhiteElo "1872"]
[BlackElo "1807"]
[PlyCount "123"]
[EventDate "2012.01.14"]
[EventType "match"]
[EventCountry "FRA"]
[SourceDate "2011.11.20"]
[WhiteTeam "La Membrolle Choisille"]
[BlackTeam "Agen"]

1. e4 c5 2. Nf3 g6 3. d4 cxd4 4. Nxd4 Nf6 5. Nc3 Bg7 6. Be3 Qa5 7. Qd2 Nc6 8.
f3 a6 9. Nb3 Qc7 10. a4 Na5 11. Kf2 Nc4 12. Bxc4 Qxc4 13. Rhd1 O-O 14. Ne2 d6
15. Bb6 Qc6 16. a5 Bd7 17. Ra3 Qb5 18. Nbd4 Qh5 19. Ng3 Qh4 20. Nde2 Bc6 21.
Be3 h6 22. Kg1 Kh7 23. Rb3 Rab8 24. Bf2 Qg5 25. Be3 Qh4 26. Rb4 e5 27. Bf2 Ne8
28. Nf5 Qd8 29. Bb6 Qf6 30. Nxd6 Nxd6 31. Qxd6 Qg5 32. Rb3 Rfe8 33. Qd2 Qf6 34.
Rd3 Bf8 35. Nc3 h5 36. Nd5 Bxd5 37. Rxd5 Qc6 38. Kh1 Rbc8 39. c3 Kg7 40. Rd7
Re7 41. Rd6 Qc4 42. Be3 Kh7 43. Bg5 Rec7 44. Rd5 Rc5 45. Rd8 Rxa5 46. Qd7 Rxd8
47. Qxd8 Qa4 48. h3 Bg7 49. Qd7 Qb3 50. Kh2 Rb5 51. Rd6 Qc4 52. Bc1 Bh6 53.
Bxh6 Kxh6 54. Rd2 Kg7 55. g4 Qf1 56. gxh5 Qxf3 57. hxg6 Qf4+ 58. Kg1 Qe3+ 59.
Kf1 Qf3+ 60. Rf2 Qh1+ 61. Ke2 Rxb2+ 62. Ke3 0-1

[Event "Nationale I"]
[Site "Agen"]
[Date "2012.01.14"]
[Round "6.1"]
[White "Pinter, Jozsef"]
[Black "Salaun, Yann"]
[Result "1-0"]
[WhiteElo "2546"]
[BlackElo "2337"]
[PlyCount "169"]
[EventDate "2012.01.14"]
[EventType "match"]
[EventCountry "FRA"]
[SourceDate "2011.11.20"]
[WhiteTeam "Loures barousses"]
[BlackTeam "Tours"]

1. d4 e6 2. g3 d5 3. Nf3 Nd7 4. Bg2 Ngf6 5. O-O b5 6. c3 Be7 7. a4 bxa4 8. Qxa4
O-O 9. Bf4 Nb6 10. Qa5 Nc4 11. Qxc7 Qxc7 12. Bxc7 Nxb2 13. Ne5 Bd7 14. Nxd7
Nxd7 15. e4 Nf6 16. Nd2 Rfc8 17. Ba5 dxe4 18. Rfb1 Rab8 19. c4 e3 20. fxe3 Ng4
21. Ra2 Bg5 22. Raxb2 Bxe3+ 23. Kf1 Rxb2 24. Rxb2 Bxd4 25. Rb7 Ne3+ 26. Ke2
Nxg2 27. Nb3 e5 28. c5 h5 29. Bc7 a5 30. Kd3 Bg1 31. c6 a4 32. Rb8 Rxb8 33.
Bxb8 Bb6 34. Nd2 f6 35. Nc4 Bd8 36. Ke2 h4 37. Kf2 h3 38. c7 Bxc7 39. Bxc7 Kf7
40. Bd6 Ke6 41. Bf8 g6 42. Nb6 f5 43. Nxa4 f4 44. Bc5 Kf5 45. Nc3 g5 46. Ne2 e4
47. gxf4 gxf4 48. Nc3 e3+ 49. Kf3 Nh4+ 50. Ke2 Kg4 51. Nd5 Ng2 52. Nf6+ Kf5 53.
Bd4 Nh4 54. Bc3 Ng2 55. Nd7 Ke4 56. Nc5+ Kd5 57. Nd7 Ke4 58. Nf6+ Kf5 59. Bb2
Nh4 60. Nd7 Ng2 61. Ne5 Nh4 62. Nf3 Ng2 63. Kd3 Kg4 64. Ke4 e2 65. Bc3 Ne3 66.
Bd2 Ng2 67. Ne1 Kg5 68. Kf3 Nh4+ 69. Kxe2 Kg4 70. Kf2 Nf5 71. Nd3 Nd4 72. Bxf4
Ne6 73. Be3 Ng7 74. Ke2 Nf5 75. Nf2+ Kh4 76. Kf3 Ne7 77. Bf4 Nf5 78. Bg3+ Kh5
79. Nxh3 Nd4+ 80. Kg2 Nf5 81. Nf2 Nd4 82. Nd3 Nc6 83. Bf2 Ne7 84. Kf3 Ng6 85.
Nf4+ 1-0

[Event "Nationale I"]
[Site "Agen"]
[Date "2012.01.14"]
[Round "6.2"]
[White "Giacomini, Hector"]
[Black "Szitas, Gabor"]
[Result "1/2-1/2"]
[WhiteElo "2276"]
[BlackElo "2177"]
[PlyCount "148"]
[EventDate "2012.01.14"]
[EventType "match"]
[EventCountry "FRA"]
[SourceDate "2011.11.20"]
[WhiteTeam "Tours"]
[BlackTeam "Agen"]

1. d4 d5 2. Nf3 Nf6 3. c4 e6 4. Nc3 Be7 5. Bg5 O-O 6. e3 Nbd7 7. Rc1 c6 8. Bd3
Re8 9. O-O a6 10. Qe2 h6 11. Bh4 Ne4 12. Bxe7 Nxc3 13. Rxc3 Qxe7 14. Rd1 e5 15.
dxe5 Nxe5 16. Nxe5 Qxe5 17. cxd5 cxd5 18. Qf3 Be6 19. Rdc1 Rac8 20. Qd1 g6 21.
Qa4 Rcd8 22. Qa5 Qd6 23. Be2 Bf5 24. Bf3 Be4 25. Be2 Bf5 26. Rd1 Re4 27. Qc5
Qxc5 28. Rxc5 Rb4 29. b3 d4 30. Bc4 b5 31. a3 bxc4 32. axb4 cxb3 33. Rxf5 gxf5
34. Kf1 b2 35. Rb1 d3 36. Ke1 f4 $11 37. Rxb2 fxe3 38. fxe3 Kg7 39. Kd2 Kf6 40.
Rb3 Ke5 41. Rxd3 Rb8 42. Rd4 f5 43. Kd3 Rc8 44. g4 fxg4 45. Rxg4 Rd8+ 46. Ke2
Rc8 47. Kf3 Rc2 48. h4 Rh2 49. Rc4 Rh3+ 50. Ke2 Kd5 51. Rd4+ Ke5 52. Kd3 Rh1
53. Rc4 Rd1+ 54. Ke2 Rh1 55. Kf3 Rh3+ 56. Kg4 Rxe3 57. Kh5 Kd5 58. Rg4 Re6 59.
Rg6 Re4 60. Rxh6 Rxb4 61. Rxa6 Ke5 62. Kg5 Rb1 63. h5 Rg1+ 64. Kh6 Kf5 65. Kh7
Rh1 66. h6 Rg1 67. Ra7 Kf6 68. Rg7 Ra1 69. Rc7 Rg1 70. Kh8 Rg2 71. Rg7 Ra2 72.
h7 Ra8+ 73. Rg8 Ra7 74. Rb8 Kf7 1/2-1/2

[Event "Nationale I"]
[Site "Agen"]
[Date "2012.01.14"]
[Round "6.3"]
[White "Sanchez, Nicolas"]
[Black "Dieu, Bruno"]
[Result "1/2-1/2"]
[WhiteElo "2170"]
[BlackElo "2296"]
[PlyCount "70"]
[EventDate "2012.01.14"]
[EventType "match"]
[EventCountry "FRA"]
[SourceDate "2011.11.20"]
[WhiteTeam "Loures barousses"]
[BlackTeam "Tours"]

1. d4 d5 2. Nf3 c5 3. c4 e6 4. cxd5 exd5 5. g3 Nc6 6. Bg2 Nf6 7. O-O Be7 8. Nc3
O-O 9. Bg5 cxd4 10. Nxd4 h6 11. Be3 Re8 12. Rc1 Bf8 13. Nxc6 bxc6 14. Na4 Ng4
15. Bd4 Bd7 16. Bc5 Qf6 17. Bxf8 Kxf8 18. e4 Rad8 19. Nc5 Bc8 20. Qb3 dxe4 21.
Nxe4 Qg6 22. Qa4 Qh5 23. h3 Ne5 24. g4 Qh4 25. f4 Nd3 26. Rxc6 Bb7 27. Rc4 Kg8
28. Rd4 Nc5 29. Rxd8 Rxd8 30. Qb4 Bxe4 31. Qxc5 Rd2 $11 32. Qc8+ Rd8 33. Qc5
Rd2 34. Rf2 Rd1+ 35. Rf1 Rd2 1/2-1/2

[Event "Nationale I"]
[Site "Agen"]
[Date "2012.01.14"]
[Round "6.5"]
[White "Bricard, Herve"]
[Black "Gaborit, Jean Pierre"]
[Result "0-1"]
[WhiteElo "2060"]
[BlackElo "2200"]
[PlyCount "68"]
[EventDate "2012.01.14"]
[EventType "match"]
[EventCountry "FRA"]
[SourceDate "2011.11.20"]
[WhiteTeam "Loures barousses"]
[BlackTeam "Tours"]

1. e4 e6 2. d4 d5 3. e5 c5 4. c3 Ne7 5. Nf3 Nec6 6. a3 a5 7. b3 b6 8. Bd3 Ba6
9. O-O Be7 10. Ra2 b5 11. dxc5 b4 12. axb4 axb4 13. Re1 Bxd3 14. Rxa8 Bxb1 15.
cxb4 Be4 16. b5 Nb4 17. c6 O-O 18. Be3 Nc2 19. Ba7 Nxe1 20. Rxb8 Qa5 21. Rb7
Bxf3 22. gxf3 Bb4 23. Bb8 Qd8 24. f4 Qh4 25. Bd6 Qxf4 26. Bxb4 Qxb4 27. c7 Qc3
28. b6 Nf3+ 29. Kh1 Nxe5 30. Rb8 Nd7 31. Rxf8+ Kxf8 32. Qd4 Qxd4 33. c8=Q+ Ke7
34. b7 Qxf2 0-1

[Event "Nationale I"]
[Site "Agen"]
[Date "2012.01.14"]
[Round "6.6"]
[White "Devallee, Jeremie"]
[Black "Osete, Jose"]
[Result "1-0"]
[WhiteElo "2147"]
[BlackElo "2015"]
[PlyCount "53"]
[EventDate "2012.01.14"]
[EventType "match"]
[EventCountry "FRA"]
[SourceDate "2011.11.20"]
[WhiteTeam "Loures barousses"]
[BlackTeam "Tours"]

1. e4 e6 2. Nf3 d5 3. e5 Bd7 4. a3 c5 5. b4 b6 6. c3 Nh6 7. d4 Nf5 8. Bd3 c4 9.
Bc2 Be7 10. a4 a6 11. O-O O-O 12. g4 Nh4 13. Nxh4 Bxh4 14. g5 Bxg5 15. Qh5 h6
16. f4 Bh4 17. Kh1 f5 18. exf6 Qxf6 19. Nd2 Bc8 20. Qg4 Qe7 21. Nf3 Bf6 22. Bd2
Nc6 23. Rae1 Nd8 24. f5 Kh8 25. fxe6 Nc6 26. Rg1 Rd8 27. Qh3 1-0

[Event "Nationale I"]
[Site "Agen"]
[Date "2012.01.14"]
[Round "6.7"]
[White "Oriot, Patrice"]
[Black "Dube, Dimitri"]
[Result "1/2-1/2"]
[WhiteElo "1954"]
[BlackElo "2105"]
[PlyCount "165"]
[EventDate "2012.01.14"]
[EventType "match"]
[EventCountry "FRA"]
[SourceDate "2011.11.20"]
[WhiteTeam "Loures barousses"]
[BlackTeam "Tours"]

1. e4 Nf6 2. e5 Nd5 3. d4 c5 4. c3 cxd4 5. Nf3 Nc6 6. Bc4 Nb6 7. Bb3 d5 8. exd6
Qxd6 9. cxd4 Bf5 10. Nc3 e6 11. O-O Be7 12. Be3 O-O 13. d5 Nxd5 14. Nxd5 exd5
15. Qxd5 Qxd5 16. Bxd5 Bf6 17. Bxc6 bxc6 18. Bd4 Be7 19. Rac1 Rfc8 20. Rfe1 Be6
21. a3 c5 22. Bc3 a5 23. h3 a4 24. Rcd1 Ra6 25. Nd2 f6 26. Re3 Kf7 27. Rde1 Rc7
28. Ne4 Bd5 29. Rd1 Bb3 30. Rde1 Re6 31. Nd2 Bd5 32. Rxe6 Bxe6 33. Re4 Bd7 34.
Rh4 h6 35. Re4 Bc6 36. Re3 Bd5 37. Ne4 Rc6 38. Nd2 Rd6 39. Rd3 Ke6 40. Re3+ Kd7
41. Rd3 Kc6 42. Rg3 Bf8 43. Re3 $11 Bf7 44. Kf1 Rd5 45. Rg3 Rf5 46. Rg4 Kb5 47.
Rg3 g5 48. Rd3 Kc6 49. Rd8 Bd6 50. Ra8 Bb3 51. Ra6+ Kd5 $11 52. Nxb3 axb3 53.
Rb6 c4 54. Rb5+ Bc5 55. f3 Kc6 56. Rb8 Bd6 57. Ra8 Be5 58. Rc8+ Kb5 59. a4+
Kxa4 60. Rxc4+ Kb5 61. Rb4+ Kc5 62. Rxb3 h5 63. Ke2 Bd4 64. Ra3 Re5+ 65. Kd3
Bxc3 66. Rxc3+ Kb4 67. Rc6 Rd5+ 68. Ke3 Re5+ 69. Kf2 Rf5 70. Re6 Kb3 71. Rb6+
Kc4 72. g3 Kc5 73. Ra6 Kc4 74. h4 Kb3 75. Rb6+ Kc4 76. Re6 Kb3 77. Re2 Kb4 78.
Re3 Rc5 79. hxg5 fxg5 80. Re2 Kb3 81. Kg2 Rf5 82. Rd2 Kc4 83. Re2 1/2-1/2

[Event "Nationale I"]
[Site "Agen"]
[Date "2012.01.14"]
[Round "6.8"]
[White "Duval, Florence"]
[Black "Pokee, Anne Josephe"]
[Result "0-1"]
[WhiteElo "1522"]
[BlackElo "1970"]
[PlyCount "116"]
[EventDate "2012.01.14"]
[EventType "match"]
[EventCountry "FRA"]
[SourceDate "2011.11.20"]
[WhiteTeam "Tours"]
[BlackTeam "Loures barousses"]

1. d4 d5 2. c4 c6 3. Nf3 Bf5 4. Qb3 Qb6 5. Nc3 e6 6. e3 Na6 7. Qxb6 axb6 8. a3
Nb4 9. Kd2 Nf6 10. Nh4 Ne4+ 11. Nxe4 Bxe4 12. b3 Nc2 13. Ra2 Nxa3 14. Bxa3 Bxa3
15. Kd1 O-O 16. f3 dxc4 17. fxe4 cxb3 18. Rxa3 Rxa3 19. Kc1 Ra2 20. Bd3 b2+ 21.
Kc2 Rfa8 22. Rb1 Kf8 23. Rxb2 Ke7 24. Nf3 R8a3 25. Bc4 Rxb2+ 26. Kxb2 Rxe3 27.
e5 b5 28. Bf1 f6 29. exf6+ gxf6 30. Kc2 Kd6 31. Bd3 f5 32. Kd2 f4 33. Bxh7 Ra3
34. Bc2 b6 35. h4 c5 36. dxc5+ bxc5 37. h5 Ra8 38. h6 Ke7 39. h7 Kf6 40. Nh4
Rd8+ 41. Ke2 Rh8 42. Ng6 Rxh7 43. Nxf4 Ra7 44. Kd2 e5 45. Nd5+ Kg5 46. Ne3 Kf4
47. g4 Rd7+ 48. Ke2 e4 49. Ng2+ Kxg4 50. Bxe4 Ra7 51. Ne3+ Kf4 52. Bc6 Ra2+ 53.
Kd3 Ra3+ 54. Kd2 Rxe3 55. Bxb5 Ra3 56. Kc2 Ke4 57. Kb2 Rg3 58. Kc2 Kd4 0-1

[Event "Nationale I"]
[Site "Agen"]
[Date "2012.01.15"]
[Round "7.1"]
[White "Salaun, Yann"]
[Black "Fantinel, Thibault"]
[Result "1-0"]
[WhiteElo "2337"]
[BlackElo "2294"]
[PlyCount "155"]
[EventDate "2012.01.14"]
[EventType "match"]
[EventCountry "FRA"]
[SourceDate "2011.11.20"]
[WhiteTeam "Tours"]
[BlackTeam "Agen"]

1. e4 c5 2. d3 Nc6 3. f4 g6 4. c3 Bg7 5. Na3 d6 6. Nf3 e5 7. Be2 Nge7 8. O-O
O-O 9. Be3 b6 10. Qe1 f6 11. Rd1 exf4 12. Bxf4 d5 13. Nb5 a6 14. Nc7 Ra7 15.
Qg3 d4 16. cxd4 Nxd4 17. Nxd4 Qxd4+ 18. Kh1 Rd8 19. Bg4 f5 20. exf5 Nxf5 21.
Qe1 Qxb2 22. Rd2 Qb4 23. Bd1 Rf8 24. Bb3+ Kh8 25. Be5 Rxc7 26. Bxc7 Ng3+ 27.
Bxg3 Rxf1+ 28. Qxf1 Qxd2 29. Be5 Bf5 30. Qa1 Qh6 31. Qe1 Qg5 32. h4 Qd8 33. Bc7
Qd7 34. Qg3 Qe7 35. Bxb6 Qe5 36. Qxe5 Bxe5 37. Bc4 Bc8 38. Bxc5 Kg7 39. Be7 Bd4
40. Kh2 Be5+ 41. Kg1 Bd4+ 42. Kf1 a5 43. Ke2 Bb7 44. g4 h6 45. Kd2 Bc6 46. Bd8
a4 47. Be7 Bd7 48. g5 Bg4 49. gxh6+ Kxh6 50. Bb5 Be6 51. Bg5+ Kg7 52. Bc4 Bd7
53. Kc2 Kf8 54. Bd5 Bb5 55. Kd2 Ke8 56. Ke2 Kf8 57. Be4 Kf7 58. Kf3 Kg7 59. Kf4
Ba6 60. Bc6 Bxd3 61. Bxa4 Bb2 62. Bb3 Ba3 63. Ke5 Bf5 64. Bd5 Bb1 65. Kd4 Bc2
66. Kc3 Ba4 67. Be4 Bd6 68. Bc2 Be5+ 69. Kd2 Bc6 70. a4 Bd4 71. a5 Kf7 72. Kd3
Bf2 73. Bb3+ Ke8 74. Be6 Bb7 75. Bc4 Bc6 76. a6 Kd7 77. Ke2 Bd4 78. Bd3 1-0

[Event "Nationale I"]
[Site "Agen"]
[Date "2012.01.15"]
[Round "7.2"]
[White "Favarel, Julien"]
[Black "Heurtebize, Olivier"]
[Result "1-0"]
[WhiteElo "2232"]
[BlackElo "2275"]
[PlyCount "171"]
[EventDate "2012.01.14"]
[EventType "match"]
[EventCountry "FRA"]
[SourceDate "2011.11.20"]
[WhiteTeam "Agen"]
[BlackTeam "Tours"]

1. c4 e5 2. g3 d6 3. Bg2 c6 4. Nc3 Be6 5. d3 g6 6. e4 Bg7 7. Nge2 Ne7 8. O-O
O-O 9. h3 f5 10. exf5 Nxf5 11. Rb1 a5 12. a3 Na6 13. b4 d5 14. cxd5 cxd5 15.
bxa5 Nc5 16. d4 exd4 17. Nb5 Rxa5 18. Nbxd4 Nxd4 19. Nxd4 Bf7 20. Bb2 Qd7 21.
Nf3 Bxb2 22. Rxb2 Re8 23. Ng5 d4 24. Nxf7 Kxf7 25. Qd2 Rxa3 26. Rc1 Rc3 27.
Rxc3 dxc3 28. Qxc3 Rc8 29. Rd2 Qe8 30. Bd5+ Ne6 31. Qb3 Rc7 32. Re2 Re7 33.
Rxe6 Rxe6 34. Qxb7+ Kf8 35. Bxe6 Qxe6 36. Qxh7 Qe1+ 37. Kg2 Qe4+ 38. Kh2 Qc2
39. Qh6+ Kg8 40. Qf4 Qc6 41. Qg4 Kg7 42. h4 Qd5 43. Qg5 Qf3 44. Qd2 Kg8 45. Qe3
Qc6 46. Qg5 Qc2 47. Qd5+ Kg7 48. Kg2 Qe2 49. Qb7+ Kg8 50. Qf3 Qe5 51. Kh2 Kg7
52. Qe3 Qd5 53. Qe7+ Kg8 54. Qg5 Qf7 55. Qf4 Qd5 56. Qg5 Qf7 57. Kg1 Kh7 58.
Qe5 Qf3 59. Qc7+ Kg8 60. Qf4 Qe2 61. Kg2 Kh7 62. Qf3 Qe8 63. Qd5 Qe2 64. Qf3
Qe8 65. g4 Qe6 66. Kh3 Kg7 67. Qe3 Qc6 68. Kg3 Qd6+ 69. Qf4 Qd3+ 70. Kh2 Qe2
71. Kg2 Qd3 72. Qe5+ Kg8 73. Qe8+ Kg7 74. Qe5+ Kg8 75. h5 gxh5 76. Qg5+ Kf8 77.
gxh5 Qe4+ 78. Kg3 Qd3+ 79. Kh4 Qf1 80. Qf5+ Kg7 81. Kg5 Qc1+ 82. f4 Qd2 83.
Qe5+ Kg8 84. Qe8+ Kg7 85. Qe7+ Kg8 86. Kg6 1-0

[Event "Nationale I"]
[Site "Agen"]
[Date "2012.01.15"]
[Round "7.3"]
[White "Giacomini, Hector"]
[Black "Marciniak, Alexandre"]
[Result "1/2-1/2"]
[WhiteElo "2276"]
[BlackElo "2224"]
[PlyCount "61"]
[EventDate "2012.01.14"]
[EventType "match"]
[EventCountry "FRA"]
[SourceDate "2011.11.20"]
[WhiteTeam "Tours"]
[BlackTeam "Agen"]

1. d4 e6 2. Nf3 c5 3. e3 Nf6 4. c4 cxd4 5. exd4 d6 6. Nc3 Be7 7. Bd3 O-O 8. O-O
b6 9. Re1 Bb7 10. Qe2 Re8 11. Bg5 Nbd7 12. Rac1 Rc8 13. h3 Nf8 14. b4 Nh5 15.
Bd2 Ng6 16. g3 Nf6 17. Ne4 Nxe4 18. Bxe4 Bxe4 19. Qxe4 d5 $11 20. cxd5 Qxd5 21.
Qxd5 exd5 22. b5 Bd6 23. Rxe8+ Rxe8 24. Kf1 Kf8 25. Rc6 Ke7 26. Ke2 Kd7+ 27.
Kd3 f6 28. a4 Ne7 29. Rc1 Rc8 30. Rxc8 Nxc8 31. Nh4 1/2-1/2

[Event "Nationale I"]
[Site "Agen"]
[Date "2012.01.15"]
[Round "7.4"]
[White "Grizou, Regis"]
[Black "Gaborit, Jean Pierre"]
[Result "1-0"]
[WhiteElo "2190"]
[BlackElo "2200"]
[PlyCount "59"]
[EventDate "2012.01.14"]
[EventType "match"]
[EventCountry "FRA"]
[SourceDate "2011.11.20"]
[WhiteTeam "Agen"]
[BlackTeam "Tours"]

1. d4 Nf6 2. Nf3 g6 3. c4 Bg7 4. g3 O-O 5. Bg2 c6 6. O-O d5 7. Qb3 dxc4 8. Qxc4
b5 9. Qc2 Bf5 10. Qd1 a5 11. Nbd2 Ne4 12. e3 Ra6 13. Qe2 a4 14. Rd1 Qb6 15. Nh4
Nxd2 16. Nxf5 gxf5 17. Bxd2 Nd7 18. Bb4 Re8 19. Rac1 Nb8 20. d5 cxd5 21. Rxd5
Qe6 22. Rxb5 Rb6 23. Bd5 Rxb5 24. Bxe6 Rxb4 25. Bxf5 Rxb2 26. Qc4 a3 27. Qa4
Rd8 28. Qxa3 e6 29. Be4 Nd7 30. Rd1 1-0

[Event "Nationale I"]
[Site "Agen"]
[Date "2012.01.15"]
[Round "7.5"]
[White "Dieu, Bruno"]
[Black "Le Hetet, Nicolas"]
[Result "1-0"]
[WhiteElo "2296"]
[BlackElo "2148"]
[PlyCount "43"]
[EventDate "2012.01.14"]
[EventType "match"]
[EventCountry "FRA"]
[SourceDate "2011.11.20"]
[WhiteTeam "Tours"]
[BlackTeam "Agen"]

1. d4 d5 2. Nf3 Nf6 3. e3 Bg4 4. c4 Bxf3 5. gxf3 e6 6. Qb3 b6 7. Nc3 Be7 8. Bg2
c6 9. Bd2 O-O 10. O-O Nbd7 11. f4 Rc8 12. cxd5 cxd5 13. Rfc1 Ne8 14. Nb5 a6 15.
Na7 Rxc1+ 16. Rxc1 Qa8 17. Nc8 Bd6 18. Nxb6 Qb7 19. Nxd7 Qxd7 20. Qb6 Nc7 21.
Rc6 Rd8 22. Ba5 1-0

[Event "Nationale I"]
[Site "Agen"]
[Date "2012.01.15"]
[Round "7.6"]
[White "Marciniak, Gerard"]
[Black "Dube, Dimitri"]
[Result "0-1"]
[WhiteElo "2125"]
[BlackElo "2105"]
[PlyCount "46"]
[EventDate "2012.01.14"]
[EventType "match"]
[EventCountry "FRA"]
[SourceDate "2011.11.20"]
[WhiteTeam "Agen"]
[BlackTeam "Tours"]

1. d4 Nc6 2. d5 Ne5 3. f4 Ng6 4. Nf3 e6 5. Nc3 Nf6 6. a3 Bc5 7. Qd3 O-O 8. Bd2
exd5 9. Nxd5 c6 10. Nc3 d5 11. O-O-O Ng4 12. Na4 Nf2 13. Nxc5 Nxd3+ 14. Nxd3
Re8 15. h3 Nh4 16. g4 h5 17. f5 Nxf3 18. exf3 b6 19. Nf4 h4 20. Kb1 Bb7 21. c4
c5 22. cxd5 Bxd5 23. Bg2 Bb3 0-1

[Event "Nationale I"]
[Site "Agen"]
[Date "2012.01.15"]
[Round "7.7"]
[White "Devallee, Jeremie"]
[Black "Zaninetti, Laurent"]
[Result "1-0"]
[WhiteElo "2140"]
[BlackElo "2006"]
[PlyCount "73"]
[EventDate "2012.01.14"]
[EventType "match"]
[EventCountry "FRA"]
[SourceDate "2011.11.20"]
[WhiteTeam "Tours"]
[BlackTeam "Agen"]

1. e4 e6 2. Nf3 c5 3. b4 cxb4 4. d4 Nf6 5. Bd3 d5 6. e5 Ne4 7. O-O b6 8. Qe2
Bb7 9. h4 h6 10. g3 Be7 11. Kg2 Nc6 12. Be3 Qc7 13. a3 Nc3 14. Nxc3 bxc3 15. h5
O-O-O 16. Ng1 f6 17. f4 Kb8 18. Kh2 Rdf8 19. Nf3 f5 20. Ng1 Bd8 21. g4 Ne7 22.
g5 hxg5 23. fxg5 Nc6 24. Nh3 Qf7 25. g6 Qc7 26. Nf4 Bc8 27. Rg1 Nxe5 28. dxe5
Qxe5 29. Bf2 Bc7 30. Qxe5 Bxe5 31. Bg3 Kb7 32. Be2 Kc6 33. Rge1 Kd6 34. Bf3
Bxf4 35. Bxf4+ Kc6 36. Be5 Rhg8 37. Re3 1-0

[Event "Nationale I"]
[Site "Agen"]
[Date "2012.01.15"]
[Round "7.8"]
[White "Mamah, Isabelle"]
[Black "Duval, Florence"]
[Result "1-0"]
[WhiteElo "1867"]
[BlackElo "1522"]
[PlyCount "39"]
[EventDate "2012.01.14"]
[EventType "match"]
[EventCountry "FRA"]
[SourceDate "2011.11.20"]
[WhiteTeam "Agen"]
[BlackTeam "Tours"]

1. e4 e6 2. d4 d5 3. Nd2 Nf6 4. e5 Nfd7 5. Bd3 c5 6. c3 b6 7. Qg4 Ba6 8. Bxa6
Nxa6 9. Ne2 Qc7 10. O-O f5 11. exf6 Nxf6 12. Qxe6+ Qe7 13. Qc6+ Kf7 14. Qxa8
Qxe2 15. Nf3 Qe7 16. Re1 Qc7 17. Bg5 g6 18. Bxf6 Bg7 19. Qxd5+ Kf8 20. Be7+ 1-0

[Event "Nationale I"]
[Site "Agen"]
[Date "2012.01.15"]
[Round "7.1"]
[White "Pap, Misa"]
[Black "Pinter, Jozsef"]
[Result "1/2-1/2"]
[WhiteElo "2512"]
[BlackElo "2546"]
[PlyCount "78"]
[EventDate "2012.01.14"]
[EventType "match"]
[EventCountry "FRA"]
[SourceDate "2011.11.20"]
[WhiteTeam "La Membrolle Choisille"]
[BlackTeam "Loures barousses"]

1. e4 e5 2. Nf3 Nc6 3. Bb5 a6 4. Ba4 Nf6 5. d4 exd4 6. e5 Ne4 7. O-O Be7 8. Re1
Nc5 9. Bxc6 dxc6 10. Nxd4 O-O 11. Nc3 Re8 12. Be3 Ne6 13. Nf5 Qxd1 14. Nxe7+
Rxe7 15. Raxd1 Re8 16. f4 Nf8 17. h3 h5 18. Kf2 Bf5 19. Re2 Rad8 20. Red2 Rxd2+
21. Rxd2 f6 22. exf6 gxf6 23. Ne2 Bg6 24. g4 hxg4 25. hxg4 f5 26. g5 Bh5 27.
Nd4 Bg4 28. Nb3 b6 29. Nd4 c5 30. Nc6 Ng6 31. Rd8 Rxd8 32. Nxd8 Bd1 33. Ne6
Bxc2 34. Nxc7 Ne7 35. b4 cxb4 36. Nxa6 Nd5 37. Bd2 Bb1 38. Nxb4 Nxb4 39. Bxb4
Bxa2 1/2-1/2

[Event "Nationale I"]
[Site "Agen"]
[Date "2012.01.15"]
[Round "7.2"]
[White "Szitas, Gabor"]
[Black "Kizov, Atanas"]
[Result "1/2-1/2"]
[WhiteElo "2177"]
[BlackElo "2415"]
[PlyCount "75"]
[EventDate "2012.01.14"]
[EventType "match"]
[EventCountry "FRA"]
[SourceDate "2011.11.20"]
[WhiteTeam "Loures barousses"]
[BlackTeam "La Membrolle Choisille"]

1. e4 d6 2. d4 Nf6 3. Nc3 e5 4. dxe5 dxe5 5. Qxd8+ Kxd8 6. Bc4 Ke8 7. Nf3 Bd6
8. Bg5 Nbd7 9. O-O-O a6 10. a4 b6 11. h3 Bb7 12. Rhe1 h6 13. Bxf6 Nxf6 14. Nd5
Nd7 15. Nh4 g6 16. f4 Bc6 17. Bb3 b5 18. a5 Kf8 19. Nf3 Re8 20. fxe5 Nxe5 21.
Nf6 Re7 22. Bd5 Bxd5 23. Nxd5 Re6 24. Nd4 Re8 25. Nf6 Rd8 26. Nf3 Kg7 27. Nxe5
Bxe5 28. Nd5 Rhe8 29. c3 Bd6 30. Kc2 c6 31. Nb6 Bc7 32. Rxd8 Rxd8 33. Rd1 Rxd1
34. Kxd1 Kf6 35. b4 Ke6 36. Ke2 Be5 37. Kd3 Kd6 38. c4 $11 1/2-1/2

[Event "Nationale I"]
[Site "Agen"]
[Date "2012.01.15"]
[Round "7.3"]
[White "Bujisho, Benjamin"]
[Black "Sanchez, Nicolas"]
[Result "1-0"]
[WhiteElo "2376"]
[BlackElo "2170"]
[PlyCount "49"]
[EventDate "2012.01.14"]
[EventType "match"]
[EventCountry "FRA"]
[SourceDate "2011.11.20"]
[WhiteTeam "La Membrolle Choisille"]
[BlackTeam "Loures barousses"]

1. e4 d6 2. Nc3 Nf6 3. g3 e5 4. Bg2 Nc6 5. Nge2 h5 6. h3 h4 7. g4 Be7 8. d4 Nh7
9. f4 O-O 10. Be3 Bd7 11. O-O Re8 12. a3 Nf8 13. Qd3 exf4 14. Nxf4 Bg5 15. Rf2
Ne6 16. Nce2 Nxf4 17. Nxf4 f6 18. Raf1 Ne7 19. Nh5 Bxe3 20. Qxe3 Ng6 21. Rxf6
gxf6 22. Nxf6+ Kg7 23. Nh5+ Kg8 24. Qh6 Qe7 25. Qxg6+ 1-0

[Event "Nationale I"]
[Site "Agen"]
[Date "2012.01.15"]
[Round "7.4"]
[White "Bricard, Herve"]
[Black "Saucey, Michel"]
[Result "1/2-1/2"]
[WhiteElo "2060"]
[BlackElo "2278"]
[PlyCount "89"]
[EventDate "2012.01.14"]
[EventType "match"]
[EventCountry "FRA"]
[SourceDate "2011.11.20"]
[WhiteTeam "Loures barousses"]
[BlackTeam "La Membrolle Choisille"]

1. e4 g6 2. Nc3 c5 3. g3 Nc6 4. Bg2 Bg7 5. d3 d6 6. f4 e6 7. Nf3 Nge7 8. O-O
O-O 9. Be3 b6 10. d4 Ba6 11. Re1 Rc8 12. Rb1 d5 13. e5 Nf5 14. Bf2 Nfxd4 15.
Nxd4 Nxd4 16. Bxd4 cxd4 17. Qxd4 Qc7 18. Rbd1 Qc5 19. Rd2 Rfe8 20. Ne2 Qa5 21.
Ra1 Bf8 22. Qe3 Bxe2 23. Qxe2 b5 24. c3 b4 25. cxb4 Qxb4 26. Rf1 Rc4 27. Kh1
Rec8 28. h4 a5 29. Rf3 Rc1+ 30. Kh2 Ra1 31. a3 Qb6 32. Rf1 Rcc1 33. Rxc1 Rxc1
34. Qf2 Bc5 35. Qe2 Qc7 36. Qb5 Kg7 37. Kh3 h5 38. Qd3 Ba7 39. Bf3 Qc5 40. Rd1
Rc4 41. Rd2 a4 42. Rd1 Qc7 43. Rd2 Qc5 44. Rd1 Qb5 45. Rd2 1/2-1/2

[Event "Nationale I"]
[Site "Agen"]
[Date "2012.01.15"]
[Round "7.5"]
[White "Loiret, Stanislas"]
[Black "Pfeifer, Andreas"]
[Result "1-0"]
[WhiteElo "2245"]
[BlackElo "2061"]
[PlyCount "39"]
[EventDate "2012.01.14"]
[EventType "match"]
[EventCountry "FRA"]
[SourceDate "2011.11.20"]
[WhiteTeam "La Membrolle Choisille"]
[BlackTeam "Loures barousses"]

1. e4 e6 2. d4 d5 3. e5 Bd7 4. Nf3 a6 5. c4 dxc4 6. Bxc4 Bc6 7. Nc3 Ne7 8. Bg5
Nd7 9. d5 exd5 10. Bxd5 Bxd5 11. Nxd5 Nb6 12. Nxb6 cxb6 13. Qe2 b5 14. O-O Qb6
15. Rfd1 Ng6 16. Qd3 Bc5 17. Qd7+ Kf8 18. Rac1 Bxf2+ 19. Kf1 Re8 20. Qxe8+ 1-0

[Event "Nationale I"]
[Site "Agen"]
[Date "2012.01.15"]
[Round "7.6"]
[White "Osete, Jose"]
[Black "Egreteau, Eric"]
[Result "1/2-1/2"]
[WhiteElo "2015"]
[BlackElo "2083"]
[PlyCount "57"]
[EventDate "2012.01.14"]
[EventType "match"]
[EventCountry "FRA"]
[SourceDate "2011.11.20"]
[WhiteTeam "Loures barousses"]
[BlackTeam "La Membrolle Choisille"]

1. e4 d6 2. d4 Nf6 3. Nc3 Nbd7 4. Nf3 e5 5. Bc4 Be7 6. O-O O-O 7. a4 c6 8. Bb3
b6 9. Re1 a6 10. Bg5 Qc7 11. Bh4 Rb8 12. Ne2 h6 13. Ng3 g6 14. c3 Re8 15. Qd2
Bf8 16. h3 Kg7 17. Nh2 b5 18. a5 c5 19. f4 Bb7 20. fxe5 dxe5 21. d5 c4 22. Bd1
Qd6 23. Rf1 Be7 24. Nf3 Bc8 25. Kh2 Nc5 26. Bc2 Bd7 27. Rf2 Rf8 28. Raf1 Ng8
29. Bxe7 $11 1/2-1/2